[Event "ESP-ch Seniors 2017"]
[Site "Altea"]
[Date "2017.10.07"]
[Round "1"]
[White "Campos Gambuti, Luis Maria"]
[Black "Esquerdo Nogueroles, Gaspar"]
[Result "1-0"]
[WhiteElo "2413"]
[BlackElo "1928"]
[Annotator "TA"]
[PlyCount "83"]
[EventDate "2017.??.??"]
[EventType "swiss"]
[EventCountry "ESP"]
[SourceTitle "playchess.com"]
[Source "ChessBase"]
[SourceQuality "1"]

{[%evp 15,83,5,36,17,20,15,22,25,23,0,27,11,8,7,7,0,39,18,64,14,118,123,229,233,288,179,270,175,177,177,173,155,165,160,158,195,299,318,310,311,301,316,317,302,292,248,387,373,358,264,291,272,308,271,341,352,298,270,440,403,454,438,437,423,485,480,452,435,4622,2093]} 1. d4 Nf6 2. Nc3 d5 3. Bg5 e6 4. e4 dxe4 {[#]} 5. Nxe4 $1 {[%mdl 512]} Be7 (5... Nxe4 6. Bxd8) 6. Bxf6 Bxf6 7. Nxf6+ Qxf6 8. Nf3 Nc6 9. Qd3 {C13: Französische Verteidigung (Klassisches System)} (9. c3 O-O 10. Be2 {½-½ (10) Prakash,G (2451)-Ramesh,R (2480) Kolkata 2002}) 9... Bd7 $146 ({Vorgänger:} 9... O-O 10. O-O-O Nb4 11. Qc4 Nd5 12. Be2 Bd7 13. Rhf1 a6 {1-0 (26) Bolduan,A (1378)-Aigner,G (1881) Merano 2003}) 10. O-O-O O-O 11. Qc3 {Die Stellung ist ausgeglichen.} Rac8 12. Bd3 Rfd8 13. Qe1 Be8 14. Qe4 g6 {[%cal Rc6d4]} 15. c3 a6 16. h4 b5 17. a3 Rd5 (17... Ne7 $11 {bleibt in der Remisbreite.}) 18. h5 $1 $36 {[%mdl 2048] Weiss bestimmt, wo es lang geht.} a5 (18... Na5 $16) 19. hxg6 $18 fxg6 20. Rde1 Bf7 (20... Nd8 $142 21. Kb1 c5 22. dxc5 Rcxc5) 21. Qh4 Qxh4 22. Rxh4 ({Auf keinen Fall} 22. Nxh4 $6 e5 $16) 22... Kg7 23. Be4 Rd6 24. Bxc6 Rxc6 25. Ne5 Rb6 (25... Rd6 $142 26. Nxf7 Kxf7 27. Rxh7+ Kf6) 26. Nxf7 Kxf7 27. Rxh7+ {[%mdl 4096] Endspiel KTT-KTT} Kf6 28. Re5 b4 29. g4 {[%csl Ge5][%cal Rg4g5] [#]} ({Viel schwächer ist} 29. Rxa5 bxc3 30. bxc3 c5 $18) 29... g5 30. Rh6+ Kf7 (30... Ke7 $142 31. Rxg5 bxc3 32. bxc3 Rf8) 31. axb4 axb4 32. Rc5 c6 33. Ra5 bxc3 34. bxc3 Rcb8 35. Ra7+ Kg8 36. Rxe6 Rb1+ $2 (36... Rb2 37. Rg6+ Kh8 38. Rh6+ Kg8 39. Rg6+ Kh8 40. Rh6+ Kg8 41. Rg6+) 37. Kc2 R1b2+ 38. Kd3 {Weiß steht klar auf Gewinn.} Rxf2 39. Rg6+ Kh8 40. Rxg5 Rf3+ 41. Kc4 Rf4 (41... Rb1 $142 42. Rf5 Rbf1 43. Rxf3 Rxf3) 42. Ra1 {Precision: Weiß = 67%, Schwarz = 32%.} 1-0

[Event "ESP-ch Seniors 2017"]
[Site "Altea"]
[Date "2017.10.07"]
[Round "1"]
[White "Suba, Mihai"]
[Black "Martinez De Soria Gordon, Jose Manuel"]
[Result "1-0"]
[WhiteElo "2315"]
[BlackElo "1862"]
[Annotator "ChessBase"]
[PlyCount "119"]
[EventDate "2017.??.??"]
[EventType "swiss"]
[EventCountry "ESP"]
[SourceTitle "playchess.com"]
[Source "ChessBase"]
[SourceQuality "1"]
[TimeControl "5400+30"]

1. Nf3 b6 {[%emt 0:04:30]} 2. e4 {[%emt 0:01:17]} Bb7 {[%emt 0:00:27]} 3. Bc4 {[%emt 0:00:04]} e6 {[%emt 0:02:36]} 4. Qe2 {[%emt 0:00:29]} Ne7 {[%emt 0:05:51]} 5. d4 {[%emt 0:02:00]} d5 {[%emt 0:00:40]} 6. Bd3 {[%emt 0:00:26]} dxe4 {[%emt 0:02:06]} 7. Bxe4 {[%emt 0:00:05]} Bxe4 {[%emt 0:02:45]} 8. Qxe4 {[%emt 0:04:01]} Qd5 {[%emt 0:00:15]} 9. Qe2 {[%emt 0:03:45]} Nf5 {[%emt 0:05:38]} 10. Nc3 {[%emt 0:04:27]} Bb4 {[%emt 0:00:30]} 11. O-O {[%emt 0:01:13]} Bxc3 {[%emt 0:05:05]} 12. bxc3 {[%emt 0:00:08]} O-O {[%emt 0:00:17]} 13. Rd1 {[%emt 0:00:46]} Nd6 {[%emt 0:04:55]} 14. Ne5 {[%emt 0:13:17]} Qe4 {[%emt 0:06:08]} 15. Be3 {[%emt 0:01:10]} f6 {[%emt 0:05:49]} 16. f3 {[%emt 0:01:16]} Qb7 {[%emt 0:07:34]} 17. Ng4 {[%emt 0:00:50]} Nd7 {[%emt 0:02:37]} 18. Bf2 {[%emt 0:02:22]} Rae8 {[%emt 0:00:15]} 19. a4 {[%emt 0:03:25]} a5 {[%emt 0:02:47]} 20. c4 {[%emt 0:01:24]} Qa6 {[%emt 0:03:49]} 21. Ne3 {[%emt 0:00:17]} e5 {[%emt 0:01:01]} 22. c3 {[%emt 0:00:51]} exd4 {[%emt 0:02:58]} 23. cxd4 {[%emt 0:00:55]} f5 {[%emt 0:01:28]} 24. Qa2 {[%emt 0:00:32]} Kh8 {[%emt 0:00:28]} 25. Rac1 {[%emt 0:01:01]} Nf6 {[%emt 0:08:11]} 26. c5 {[%emt 0:01:54]} f4 {[%emt 0:01:54]} 27. cxd6 {[%emt 0:04:21]} fxe3 {[%emt 0:00:13]} 28. Bg3 {[%emt 0:00:22]} cxd6 {[%emt 0:01:58]} 29. Bxd6 {[%emt 0:00:23]} e2 {[%emt 0:00:26]} 30. Re1 {[%emt 0:00:32]} Rg8 {[%emt 0:02:34]} 31. Be5 {[%emt 0:00:21]} Nd7 {[%emt 0:02:02]} 32. Rxe2 {[%emt 0:01:44]} Nxe5 {[%emt 0:00:13]} 33. dxe5 b5 {[%emt 0:00:46]} 34. axb5 {[%emt 0:03:27]} Qxb5 {[%emt 0:00:00]} 35. e6 {[%emt 0:03:24]} Re7 {[%emt 0:03:11]} 36. Rce1 {[%emt 0:05:17]} h6 {[%emt 0:00:32]} 37. Re5 {[%emt 0:00:36]} Qb6+ {[%emt 0:00:22]} 38. Kh1 {[%emt 0:00:58]} Rge8 {[%emt 0:00:02]} 39. f4 {[%emt 0:02:02]} g6 {[%emt 0:00:24]} 40. h4 {[%emt 0:02:34]} Rf8 {[%emt 0:07:52]} 41. g3 {[%emt 0:04:25]} Qc6+ {[%emt 0:01:25]} 42. Kh2 {[%emt 0:00:31]} a4 {[%emt 0:00:01]} 43. R5e4 {[%emt 0:00:48]} Rfe8 {[%emt 0:03:01]} 44. h5 {[%emt 0:03:42]} gxh5 {[%emt 0:01:53]} 45. f5 {[%emt 0:00:05]} Qc3 {[%emt 0:01:05]} 46. Qxa4 {[%emt 0:03:10]} Rg8 {[%emt 0:02:00]} 47. Qd4+ {[%emt 0:00:33]} Qxd4 {[%emt 0:00:12]} 48. Rxd4 {[%emt 0:00:03]} Kg7 {[%emt 0:00:54]} 49. Rh4 {[%emt 0:00:35]} Kf6 {[%emt 0:01:53]} 50. Rxh5 {[%emt 0:00:12]} Rg5 {[%emt 0:00:10]} 51. Rxg5 {[%emt 0:00:51]} Kxg5 {[%emt 0:01:11]} 52. Rf1 {[%emt 0:00:48]} Kf6 {[%emt 0:00:15]} 53. Kh3 {[%emt 0:00:31]} Ra7 {[%emt 0:00:01]} 54. g4 {[%emt 0:00:48]} Ra2 {[%emt 0:00:28]} 55. Re1 {[%emt 0:00:27]} Ra8 {[%emt 0:00:48]} 56. Kh4 {[%emt 0:00:13]} Rg8 {[%emt 0:00:12]} 57. Re4 {[%emt 0:00:21]} h5 {[%emt 0:00:29]} 58. e7 {[%emt 0:01:27]} Re8 {[%emt 0:00:01]} 59. Re6+ {[%emt 0:00:11]} Kf7 {[%emt 0:00:27]} 60. gxh5 {[%emt 0:00:41]} 1-0

[Event "ESP-ch Seniors 2017"]
[Site "Altea"]
[Date "2017.10.07"]
[Round "1"]
[White "Garcia Fernandez, Carlos"]
[Black "Bombin Pinera, Dionisio"]
[Result "1-0"]
[WhiteElo "2264"]
[BlackElo "1910"]
[Annotator "ChessBase"]
[PlyCount "79"]
[EventDate "2017.??.??"]
[EventType "swiss"]
[EventCountry "ESP"]
[SourceTitle "playchess.com"]
[Source "ChessBase"]
[SourceQuality "1"]
[TimeControl "5400+30"]

1. e4 {[%emt 0:08:42]} e6 {[%emt 0:00:16]} 2. d4 {[%emt 0:02:09]} d5 {[%emt 0:00:12]} 3. e5 {[%emt 0:00:10]} c5 {[%emt 0:00:07]} 4. c3 {[%emt 0:00:05]} Qb6 {[%emt 0:00:10]} 5. Nf3 {[%emt 0:00:37]} Bd7 {[%emt 0:00:15]} 6. a3 {[%emt 0:00:29]} cxd4 {[%emt 0:00:18]} 7. cxd4 {[%emt 0:00:07]} Bb5 {[%emt 0:00:19]} 8. Bxb5+ {[%emt 0:00:09]} Qxb5 {[%emt 0:00:07]} 9. Nc3 {[%emt 0:00:10]} Qc4 {[%emt 0:07:01]} 10. Ne2 {[%emt 0:02:50]} Nc6 {[%emt 0:01:49]} 11. O-O {[%emt 0:03:22]} Nge7 {[%emt 0:00:43]} 12. Ng3 {[%emt 0:00:36]} Ng6 {[%emt 0:02:06]} 13. Nh5 {[%emt 0:05:15]} Rg8 {[%emt 0:15:17]} 14. Be3 {[%emt 0:04:05]} Be7 {[%emt 0:01:59]} 15. Rc1 {[%emt 0:04:20]} Qb5 {[%emt 0:02:37]} 16. b4 {[%emt 0:02:45]} Kd7 {[%emt 0:04:15]} 17. a4 {[%emt 0:02:05]} Qb6 {[%emt 0:00:25]} 18. b5 {[%emt 0:00:08]} Na5 {[%emt 0:01:00]} 19. Nd2 {[%emt 0:00:03]} Nh4 {[%emt 0:04:40]} 20. g3 {[%emt 0:08:45]} Nf5 {[%emt 0:00:45]} 21. g4 {[%emt 0:00:04]} Nxe3 {[%emt 0:02:25]} 22. fxe3 {[%emt 0:02:00]} Raf8 {[%emt 0:00:28]} 23. Qc2 {[%emt 0:05:10]} f6 {[%emt 0:07:10]} 24. exf6 {[%emt 0:03:11]} gxf6 {[%emt 0:00:20]} 25. Qxh7 {[%emt 0:00:32]} Rxg4+ {[%emt 0:01:15]} 26. Kh1 {[%emt 0:02:26]} Kd8 {[%emt 0:08:19]} 27. Rc2 {[%emt 0:06:55]} Qd6 {[%emt 0:06:59]} 28. Nf4 {[%emt 0:03:40]} Rfg8 {[%emt 0:05:09]} 29. Rfc1 {[%emt 0:03:25]} R4g7 {[%emt 0:03:40]} 30. Qh3 {[%emt 0:04:06]} Rg4 {[%emt 0:01:54]} 31. Qh7 {[%emt 0:09:27]} R4g7 {[%emt 0:01:07]} 32. Qh5 {[%emt 0:00:35]} Qd7 {[%emt 0:03:03]} 33. e4 {[%emt 0:11:20]} Bd6 {[%emt 0:02:16]} 34. e5 {[%emt 0:01:08]} fxe5 {[%emt 0:01:46]} 35. dxe5 {[%emt 0:00:35]} Bb4 {[%emt 0:05:47]} 36. Qh4+ {[%emt 0:00:52]} Be7 {[%emt 0:00:17]} 37. Qh6 {[%emt 0:00:36]} Bg5 {[%emt 0:01:46]} 38. Nxe6+ {[%emt 0:01:28]} Ke7 {[%emt 0:01:07]} 39. Nxg5 {[%emt 0:00:44]} Rxg5 {[%emt 0:00:30]} 40. Qf6+ {[%emt 0:00:11]} 1-0

[Event "ESP-ch Seniors 2017"]
[Site "Altea"]
[Date "2017.10.07"]
[Round "1"]
[White "Fernandez Hernandez, Gerardo"]
[Black "Pastor Villalba, Arturo"]
[Result "0-1"]
[WhiteElo "2178"]
[BlackElo "1892"]
[Annotator "ChessBase"]
[PlyCount "73"]
[EventDate "2017.??.??"]
[EventType "swiss"]
[EventCountry "ESP"]
[SourceTitle "playchess.com"]
[Source "ChessBase"]
[SourceQuality "1"]
[TimeControl "5400+30"]

1. e4 {[%emt 0:00:00]} e6 {[%emt 0:00:12]} 2. d3 {[%emt 0:00:07]} d5 {[%emt 0:01:02]} 3. Nd2 {[%emt 0:00:04]} c5 {[%emt 0:00:19]} 4. g3 {[%emt 0:00:05]} Bd6 {[%emt 0:01:09]} 5. Bg2 {[%emt 0:00:08]} Ne7 {[%emt 0:00:12]} 6. Ngf3 {[%emt 0:01:11]} Nbc6 {[%emt 0:00:41]} 7. O-O {[%emt 0:00:07]} O-O {[%emt 0:00:52]} 8. Nh4 {[%emt 0:00:31]} b5 {[%emt 0:01:32]} 9. f4 {[%emt 0:03:17]} f5 {[%emt 0:15:25]} 10. Ndf3 {[%emt 0:10:52]} dxe4 {[%emt 0:09:54]} 11. dxe4 {[%emt 0:00:18]} Bc7 {[%emt 0:07:09]} 12. Qe2 {[%emt 0:08:45]} Rb8 {[%emt 0:03:02]} 13. c3 {[%emt 0:07:01]} Bb6 {[%emt 0:03:07]} 14. exf5 {[%emt 0:12:04]} c4+ {[%emt 0:07:29]} 15. Be3 {[%emt 0:01:16]} Nd5 {[%emt 0:08:07]} 16. Bd4 {[%emt 0:12:26]} Nxd4 {[%emt 0:06:29]} 17. Nxd4 {[%emt 0:00:20]} Bxd4+ {[%emt 0:07:08]} 18. cxd4 {[%emt 0:00:05]} Rb6 {[%emt 0:03:04]} 19. f6 {[%emt 0:14:59]} Qxf6 {[%emt 0:03:31]} 20. Nf3 {[%emt 0:00:58]} Rd8 {[%emt 0:02:37]} 21. Rfd1 {[%emt 0:01:48]} c3 {[%emt 0:03:17]} 22. Ng5 {[%emt 0:08:47]} cxb2 {[%emt 0:01:31]} 23. Qxb2 {[%emt 0:02:51]} Ne3 {[%emt 0:00:57]} 24. Rd2 {[%emt 0:05:23]} Nc4 {[%emt 0:01:04]} 25. Ne4 {[%emt 0:03:03]} Qg6 {[%emt 0:01:56]} 26. Qb4 {[%emt 0:01:50]} Nxd2 {[%emt 0:00:38]} 27. Qxd2 {[%emt 0:03:14]} Bb7 {[%emt 0:00:54]} 28. Ng5 {[%emt 0:01:21]} Bxg2 {[%emt 0:00:54]} 29. Qxg2 {[%emt 0:00:03]} h6 {[%emt 0:00:18]} 30. Nf3 {[%emt 0:00:29]} Qe4 {[%emt 0:00:44]} 31. Re1 {[%emt 0:00:54]} Qd3 {[%emt 0:01:07]} 32. Qf2 {[%emt 0:00:48]} Rc8 {[%emt 0:00:36]} 33. Ne5 {[%emt 0:00:31]} Qc2 {[%emt 0:01:05]} 34. Re2 {[%emt 0:00:40]} Qf5 {[%emt 0:00:49]} 35. Qe3 {[%emt 0:00:41]} Rc2 {[%emt 0:01:07]} 36. Rxc2 {[%emt 0:00:32]} Qxc2 {[%emt 0:00:03]} 37. Qa3 {[%emt 0:01:01]} 0-1

[Event "ESP-ch Seniors 2017"]
[Site "Altea"]
[Date "2017.10.07"]
[Round "1"]
[White "Brusi Noguera, Ricardo Ll"]
[Black "Juarez Manzano, Juan"]
[Result "1-0"]
[WhiteElo "2156"]
[BlackElo "1885"]
[Annotator "ChessBase"]
[PlyCount "107"]
[EventDate "2017.??.??"]
[EventType "swiss"]
[EventCountry "ESP"]
[SourceTitle "playchess.com"]
[Source "ChessBase"]
[SourceQuality "1"]
[TimeControl "5400+30"]

1. d4 {[%emt 0:00:00]} Nf6 {[%emt 0:00:02]} 2. c4 {[%emt 0:00:00]} e6 {[%emt 0:00:17]} 3. Nc3 {[%emt 0:00:00]} Bb4 {[%emt 0:00:21]} 4. e3 {[%emt 0:00:27]} O-O {[%emt 0:00:08]} 5. Nge2 {[%emt 0:00:52]} d5 {[%emt 0:03:44]} 6. cxd5 {[%emt 0:00:55]} exd5 {[%emt 0:00:41]} 7. g3 {[%emt 0:00:39]} Re8 {[%emt 0:06:16]} 8. Bg2 {[%emt 0:00:41]} b6 {[%emt 0:02:03]} 9. Qb3 {[%emt 0:03:06]} c5 {[%emt 0:05:42]} 10. O-O {[%emt 0:09:31]} Bxc3 {[%emt 0:04:31]} 11. Nxc3 {[%emt 0:03:03]} c4 {[%emt 0:05:50]} 12. Qc2 {[%emt 0:02:20]} Bb7 {[%emt 0:00:12]} 13. b3 {[%emt 0:02:46]} cxb3 {[%emt 0:04:28]} 14. Qxb3 {[%emt 0:00:57]} Kh8 {[%emt 0:15:19]} 15. Bd2 {[%emt 0:06:34]} Nc6 {[%emt 0:05:05]} 16. Rfc1 {[%emt 0:11:40]} Na5 {[%emt 0:00:48]} 17. Qd1 {[%emt 0:05:15]} Nc4 {[%emt 0:01:24]} 18. Be1 {[%emt 0:02:10]} Rc8 {[%emt 0:03:22]} 19. a4 {[%emt 0:02:13]} Ne4 {[%emt 0:06:36]} 20. Nxe4 {[%emt 0:04:26]} dxe4 {[%emt 0:00:18]} 21. Rcb1 {[%emt 0:03:23]} a6 {[%emt 0:07:12]} 22. Bf1 {[%emt 0:01:28]} Bd5 {[%emt 0:03:14]} 23. Rb3 {[%emt 0:07:59]} Rb8 {[%emt 0:04:10]} 24. Rab1 {[%emt 0:06:57]} Qd7 {[%emt 0:08:48]} 25. Bxc4 {[%emt 0:09:05]} Bxc4 {[%emt 0:00:03]} 26. Rxb6 {[%emt 0:00:03]} Rxb6 {[%emt 0:02:40]} 27. Rxb6 {[%emt 0:00:02]} Rc8 {[%emt 0:03:25]} 28. Bb4 {[%emt 0:03:01]} Qh3 {[%emt 0:02:19]} 29. Bc5 {[%emt 0:00:53]} Be6 {[%emt 0:02:08]} 30. f3 {[%emt 0:07:06]} Qh5 {[%emt 0:00:59]} 31. g4 {[%emt 0:04:35]} Qh3 {[%emt 0:00:09]} 32. Qf1 {[%emt 0:00:12]} Qxf3 {[%emt 0:01:38]} 33. Qxf3 {[%emt 0:00:04]} exf3 {[%emt 0:00:01]} 34. Rxa6 {[%emt 0:00:54]} Bxg4 {[%emt 0:00:10]} 35. Kf2 {[%emt 0:00:35]} Rb8 {[%emt 0:01:18]} 36. Rb6 {[%emt 0:00:11]} Ra8 {[%emt 0:01:25]} 37. a5 {[%emt 0:00:21]} h5 {[%emt 0:01:07]} 38. a6 {[%emt 0:01:00]} Bc8 {[%emt 0:00:09]} 39. a7 {[%emt 0:01:45]} Rxa7 {[%emt 0:00:14]} 40. Rb8 {[%emt 0:00:02]} Rc7 {[%emt 0:00:11]} 41. Kxf3 {[%emt 0:00:11]} Kh7 {[%emt 0:00:26]} 42. Ke4 {[%emt 0:00:38]} Bb7+ {[%emt 0:01:02]} 43. Ke5 {[%emt 0:00:04]} f6+ {[%emt 0:01:29]} 44. Kd6 {[%emt 0:00:08]} Rf7 {[%emt 0:00:29]} 45. Ke6 {[%emt 0:02:17]} Kg6 {[%emt 0:00:07]} 46. d5 {[%emt 0:00:32]} f5 {[%emt 0:00:32]} 47. Rxb7 {[%emt 0:00:47]} Rxb7 {[%emt 0:00:26]} 48. d6 {[%emt 0:00:02]} Kg5 {[%emt 0:00:31]} 49. d7 {[%emt 0:00:23]} Rb8 {[%emt 0:00:48]} 50. Be7+ {[%emt 0:00:31]} Kg4 {[%emt 0:00:01]} 51. d8=Q {[%emt 0:00:44]} Rxd8 {[%emt 0:00:04]} 52. Bxd8 {[%emt 0:00:03]} f4 {[%emt 0:01:03]} 53. exf4 {[%emt 0:00:14]} Kxf4 {[%emt 0:00:05]} 54. h4 {[%emt 0:00:19] Ke5+} 1-0

[Event "ESP-ch Seniors 2017"]
[Site "Altea"]
[Date "2017.10.07"]
[Round "1"]
[White "Simon Padros, Emili"]
[Black "Zotes Flecha, Luis"]
[Result "1-0"]
[WhiteElo "2153"]
[BlackElo "1814"]
[Annotator "ChessBase"]
[PlyCount "61"]
[EventDate "2017.??.??"]
[EventType "swiss"]
[EventCountry "ESP"]
[SourceTitle "playchess.com"]
[Source "ChessBase"]
[SourceQuality "1"]
[TimeControl "5400+30"]

1. e4 {[%emt 0:00:00]} g6 {[%emt 0:00:24]} 2. d4 {[%emt 0:00:03]} Bg7 {[%emt 0:00:20]} 3. Nc3 {[%emt 0:00:37]} a6 {[%emt 0:00:29]} 4. Nf3 {[%emt 0:01:59]} d6 {[%emt 0:00:18]} 5. h3 {[%emt 0:04:46]} b5 {[%emt 0:00:45]} 6. a4 {[%emt 0:07:25]} b4 {[%emt 0:01:24]} 7. Nd5 {[%emt 0:02:05]} a5 {[%emt 0:00:37]} 8. Bd3 {[%emt 0:04:41]} c6 {[%emt 0:01:40]} 9. Nf4 {[%emt 0:01:06]} Ba6 {[%emt 0:02:01]} 10. O-O {[%emt 0:02:46]} Bxd3 {[%emt 0:00:51]} 11. Nxd3 {[%emt 0:00:36]} Nd7 {[%emt 0:00:38]} 12. Bg5 {[%emt 0:05:13]} Qc7 {[%emt 0:01:33]} 13. Qd2 {[%emt 0:03:05]} c5 {[%emt 0:09:59]} 14. c3 {[%emt 0:04:18]} c4 {[%emt 0:01:23]} 15. Nf4 {[%emt 0:01:30]} h6 {[%emt 0:16:48]} 16. Nd5 {[%emt 0:04:40]} Qb7 {[%emt 0:00:41]} 17. Bh4 {[%emt 0:01:49]} e6 {[%emt 0:00:55]} 18. Ne3 {[%emt 0:00:43]} Rc8 {[%emt 0:04:53]} 19. Rfe1 {[%emt 0:06:00]} Ngf6 {[%emt 0:03:37]} 20. e5 {[%emt 0:05:59]} Ne4 {[%emt 0:01:24]} 21. Qc2 {[%emt 0:02:52]} d5 {[%emt 0:05:21]} 22. Nd2 {[%emt 0:02:47]} b3 {[%emt 0:02:19]} 23. Nxe4 {[%emt 0:02:12]} dxe4 {[%emt 0:01:07]} 24. Qe2 {[%emt 0:00:38]} g5 {[%emt 0:05:34]} 25. Bg3 {[%emt 0:00:27]} Qc6 {[%emt 0:00:26]} 26. h4 {[%emt 0:07:05]} Nb6 {[%emt 0:08:21]} 27. Qg4 {[%emt 0:04:40]} Nxa4 {[%emt 0:01:41]} 28. d5 {[%emt 0:00:17]} Qd7 {[%emt 0:00:25]} 29. dxe6 {[%emt 0:00:58]} fxe6 {[%emt 0:00:17]} 30. Rxa4 {[%emt 0:03:14]} Qxa4 {[%emt 0:00:44]} 31. Qxe6+ {[%emt 0:00:19]} 1-0

[Event "ESP-ch Seniors 2017"]
[Site "Altea"]
[Date "2017.10.07"]
[Round "1"]
[White "Fos Santacreu, Juan Andres"]
[Black "Campos Calvo-Sotelo, Juan"]
[Result "1/2-1/2"]
[WhiteElo "2140"]
[BlackElo "1796"]
[Annotator "ChessBase"]
[PlyCount "91"]
[EventDate "2017.??.??"]
[EventType "swiss"]
[EventCountry "ESP"]
[SourceTitle "playchess.com"]
[Source "ChessBase"]
[SourceQuality "1"]
[TimeControl "5400+30"]

1. d4 {[%emt 0:03:19]} b5 {[%emt 0:00:19]} 2. e4 {[%emt 0:03:25]} a6 {[%emt 0:00:30]} 3. f4 {[%emt 0:05:24]} e6 {[%emt 0:00:20]} 4. Nf3 {[%emt 0:00:09]} c5 {[%emt 0:00:15]} 5. c3 {[%emt 0:00:30]} cxd4 {[%emt 0:00:10]} 6. cxd4 {[%emt 0:00:11]} Nf6 {[%emt 0:00:24]} 7. Bd3 {[%emt 0:00:42]} Bb7 {[%emt 0:00:10]} 8. e5 {[%emt 0:06:03]} Nd5 {[%emt 0:00:59]} 9. Nc3 {[%emt 0:00:15]} b4 {[%emt 0:02:52]} 10. Nxd5 {[%emt 0:01:29]} Bxd5 {[%emt 0:00:09]} 11. O-O {[%emt 0:00:14]} Nc6 {[%emt 0:04:49]} 12. Be3 {[%emt 0:00:53]} Be7 {[%emt 0:01:37]} 13. b3 {[%emt 0:04:50]} Qb6 {[%emt 0:03:13]} 14. Kh1 {[%emt 0:00:40]} h6 {[%emt 0:01:40]} 15. Rc1 {[%emt 0:01:58]} O-O {[%emt 0:02:19]} 16. Bb1 {[%emt 0:03:16]} f5 {[%emt 0:04:29]} 17. exf6 {[%emt 0:02:00]} Bxf6 {[%emt 0:00:28]} 18. Qd3 {[%emt 0:00:20]} Bxf3 {[%emt 0:06:30]} 19. Rxf3 {[%emt 0:01:00]} Ne7 {[%emt 0:07:49]} 20. d5 {[%emt 0:04:16]} Qd6 {[%emt 0:01:11]} 21. Bc5 {[%emt 0:13:25]} Qxd5 {[%emt 0:02:14]} 22. Qh7+ {[%emt 0:08:43]} Kf7 {[%emt 0:00:30]} 23. Be4 {[%emt 0:00:30]} Qd2 {[%emt 0:03:26]} 24. Be3 {[%emt 0:00:00]} Qxc1+ {[%emt 0:00:12]} 25. Bxc1 {[%emt 0:00:00]} Rh8 {[%emt 0:00:07]} 26. Bxa8 {[%emt 0:05:42]} Rxh7 {[%emt 0:00:36]} 27. Be3 {[%emt 0:04:56]} Rh8 {[%emt 0:00:45]} 28. Bb7 {[%emt 0:00:07]} d5 {[%emt 0:00:47]} 29. Rf1 {[%emt 0:05:19]} d4 {[%emt 0:00:56]} 30. Bd2 {[%emt 0:00:39]} a5 {[%emt 0:00:52]} 31. Rc1 {[%emt 0:00:33]} Rb8 {[%emt 0:02:57]} 32. Be4 {[%emt 0:02:52]} Rc8 {[%emt 0:01:04]} 33. Rxc8 {[%emt 0:02:58]} Nxc8 {[%emt 0:00:09]} 34. Kg1 {[%emt 0:00:16]} Nd6 {[%emt 0:00:36]} 35. Bd3 {[%emt 0:00:10]} g5 {[%emt 0:01:06]} 36. Kf2 {[%emt 0:00:34]} e5 {[%emt 0:03:19]} 37. fxe5 {[%emt 0:01:38]} Bxe5 {[%emt 0:00:14]} 38. h3 {[%emt 0:00:44]} Ke6 {[%emt 0:01:21]} 39. Kf3 {[%emt 0:00:11]} Kd5 {[%emt 0:01:10]} 40. Bc1 {[%emt 0:01:49]} Kc5 {[%emt 0:02:32]} 41. a4 {[%emt 0:04:55]} Kd5 {[%emt 0:00:51]} 42. Bd2 {[%emt 0:00:46]} Bf6 {[%emt 0:00:52]} 43. Be1 {[%emt 0:00:29]} Be5 {[%emt 0:01:10]} 44. Bf2 {[%emt 0:00:34]} Bf4 {[%emt 0:02:22]} 45. Be1 {[%emt 0:04:13]} Ke5 {[%emt 0:02:59]} 46. Bf2 {[%emt 0:00:15]} 1/2-1/2

[Event "ESP-ch Seniors 2017"]
[Site "Altea"]
[Date "2017.10.07"]
[Round "1"]
[White "Pastor Alonso De Prado, Alberto"]
[Black "Carrascosa Campos, Juan Luis"]
[Result "1-0"]
[WhiteElo "2131"]
[BlackElo "1748"]
[Annotator "ChessBase"]
[PlyCount "41"]
[EventDate "2017.??.??"]
[EventType "swiss"]
[EventCountry "ESP"]
[SourceTitle "playchess.com"]
[Source "ChessBase"]
[SourceQuality "1"]
[TimeControl "5400+30"]

1. e4 {[%emt 0:12:39]} c5 {[%emt 0:00:22]} 2. c3 {[%emt 0:00:00]} Nf6 {[%emt 0:07:10]} 3. e5 {[%emt 0:00:04]} Nd5 {[%emt 0:00:42]} 4. d4 {[%emt 0:00:08]} cxd4 {[%emt 0:03:23]} 5. Nf3 {[%emt 0:00:00]} e6 {[%emt 0:02:34]} 6. cxd4 {[%emt 0:00:10]} Bb4+ {[%emt 0:02:00]} 7. Bd2 {[%emt 0:00:04]} Qb6 {[%emt 0:02:00]} 8. Nc3 {[%emt 0:01:02]} Nxc3 {[%emt 0:04:17]} 9. bxc3 {[%emt 0:00:10]} Be7 {[%emt 0:01:39]} 10. Bd3 {[%emt 0:00:10]} d6 {[%emt 0:04:16]} 11. O-O {[%emt 0:01:40]} Nc6 {[%emt 0:06:42]} 12. exd6 {[%emt 0:07:11]} Bxd6 {[%emt 0:00:45]} 13. Re1 {[%emt 0:00:08]} Qc7 {[%emt 0:01:48]} 14. d5 {[%emt 0:10:24]} Ne5 {[%emt 0:07:17]} 15. Nxe5 {[%emt 0:00:35]} Bxe5 {[%emt 0:00:39]} 16. Qh5 {[%emt 0:00:11]} Bf6 {[%emt 0:04:00]} 17. dxe6 {[%emt 0:01:19]} Kf8 {[%emt 0:04:17]} 18. Bf4 {[%emt 0:03:32]} g6 {[%emt 0:05:50]} 19. Qf3 {[%emt 0:06:30]} Qd8 {[%emt 0:15:28]} 20. Bh6+ {[%emt 0:01:18]} Kg8 {[%emt 0:00:28]} 21. exf7+ 1-0